Statistics for Colourful things image quiz

Click here to take the quiz!

General Stats

  • This quiz has been taken 40 times
  • The average score is 6 of 16

Answer Stats

Answer% Correct
Rainbow
100%
Chameleon
86%
Jellybeans
80%
Coral
74%
Bell pepper
69%
Macaroons
54%
Fruit salad
51%
Hundreds and thousands
29%
Saint Basil's Cathedral
23%
Holi
11%
Cusco
9%
Keukenhof Gardens
9%
Glass Gem Corn
3%
Cinque Terre
0%
Morning Glory Pool
0%
Zhangye Danxia
0%

Score Distribution

Percentile by Number Answered

Percent of People with Each Score

Your Score History

You have not taken this quiz